| 000 | 00611nam a2200193Ia 4500 | ||
|---|---|---|---|
| 003 | OSt | ||
| 005 | 20250530165250.0 | ||
| 008 | 210210b1983 xxu||||| |||| 00| 0 eng d | ||
| 040 | _cAL | ||
| 041 | _aKannada | ||
| 082 | _aK894.1 VENP | ||
| 100 |
_aVENKATESHA MURTHY (H S) _dವೆಂಕಟೇಶ ಮೂರ್ತಿ (ಎಚ್ ಎಸ್ ) _9198484 |
||
| 245 |
_aPattanashettara ayda kavitegalu _bಪಟ್ಟಣಶೆಟ್ಟರ ಆಯ್ದ ಕವಿತೆಗಳು |
||
| 260 |
_aBengaluru _bKannada Sangha _c1983 |
||
| 300 | _a112 | ||
| 690 |
_aKannada Poetry _9198485 |
||
| 906 | _a036249 | ||
| 942 |
_2ddc _cBK |
||
| 999 |
_c86989 _d86989 |
||